00409nam a2200109Ia 4500008004100000100002600041245006500067260006400132300001800196650001500214856007000229160712s9999 xx 000 0 und d aChaves, Thomas David. cThomas David ChavesaPrize Roosters, Show Dogs, Pure Hogwash c2013bJournal of English Studies and Comparative Literature avol. 13 no. 1 xLITERATURE uhttp://journals.upd.edu.ph/index.php/jescl/issue/view/410/showToc